Tạp luận - Phê bình và tranh luận văn học

Gardado en:
Detalles Bibliográficos
Autor Principal: Mai, Quốc Liên
Formato: Libro
Idioma:Undetermined
Publicado: Hà Nội Hội Nhà văn 2015
Những chủ đề:
Các nhãn: Engadir etiqueta
Sen Etiquetas, Sexa o primeiro en etiquetar este rexistro!
Thư viện lưu trữ: Trung tâm Học liệu Trường Đại học Cần Thơ
LEADER 00621nam a2200193Ia 4500
001 CTU_210153
008 210402s9999 xx 000 0 und d
082 |a 895.92209 
082 |b L305 
100 |a Mai, Quốc Liên 
245 0 |a Tạp luận - Phê bình và tranh luận văn học 
245 0 |c Mai Quốc Liên 
260 |a Hà Nội 
260 |b Hội Nhà văn 
260 |c 2015 
650 |a Vietnamese literature,Văn học Việt Nam 
650 |y 20th century,Thế kỷ 20 
904 |i Trần Thu Thảo, Trúc 
980 |a Trung tâm Học liệu Trường Đại học Cần Thơ